NBA Players by Letter - N - Statistics

General Stats
  • This quiz has been taken 18 times
  • The average score is 3 of 11
Answer Stats
Team Answer % Correct
Trail Blazers Jusuf Nurkic
86%
Thunder Nerlens Noel
43%
Clippers Joakim Noah
29%
Cavaliers Larry Nance Jr.
29%
76ers Raul Neto
29%
Thunder Abdel Nader
21%
Knicks Frank Ntilikina
21%
Heat Kendrick Nunn
21%
Timberwolves Jaylen Nowell
14%
Wizards Shabazz Napier
14%
Jazz Georges Niang
7%
No matching quizzes found
Score Distribution
Percent of People with Each Score
Percentile by Number Answered
Your Score History
You have not taken this quiz